=LDR 00000nam 2200000 4500 =001 INLIS000000000021969 =005 20200819021105 =035 ##$$a 0010-061300000021969 =008 200819################g##########0#ind## =041 ##$$a Ind =082 ##$$a 2x1.12 =090 ##$$a 2x1.12, Ala-m =100 1#$$a Alam, Sei H. Dt. Tombak =245 1#$$a Metode Membaca dan Menulis Al-Qur'An 5 kali Pandai, /$c Sei H.Dt. Tombak Alam =260 ##$$a Jakarta :$b Rineka cipta,$c 1992 =300 ##$$a 48 hlm., : $b ilus ; $c 14 x 21 cm =650 #4$$a Metode Baca Tulis - Al-Qur'an =850 ##$$a NBPNMAT =020 ##$$a 979-518-260-9 =084 ##$$a 2x1.12 ALA m =250 ##$$a cet.6 =990 ##$$a 00046756 =990 ##$$a 0001/BPAP-NTB/20142014 =990 ##$$a 00046756